Una mujer partió a caballo

Salvato in:
Dettagli Bibliografici
Autore principale: Lawrence, David Herbert (Autore)
Natura: Libro
Lingua:spagnolo
Pubblicazione: Santiago Tiempo Presente 1980
Soggetti:
Tags: Aggiungi Tag
Nessun Tag, puoi essere il primo ad aggiungerne!!

MARC

LEADER 00000nam a2200000 a 4500
001 UCQ4796
003 CL-VaPUC
008 980910e19800000CL |||||||||||||||||spa|d
082 0 4 |a 823  |b LAW  |2 21 
100 |a Lawrence, David Herbert  |e author  |9 303256 
245 1 4 |a Una mujer partió a caballo 
300 |a 95 p 
942 |c BK 
945 |d 19980910 00:00:00  |a crobeson 
260 |a Santiago  |b Tiempo Presente  |c 1980 
650 0 |a Novelas inglesas  |9 265220 
650 0 |a Literatura inglesa  |9 312907 
583 |a last modification  |c 19980910 00:00:00  |k Rodrigo Vera 
999 |c 275098  |d 275096 
952 |0 0  |1 0  |4 0  |6 823_000000000000000_LAW_1980  |7 0  |8 A  |9 311641  |a BIBEDU  |b BIBEDU  |d 2019-11-20  |i 1465600  |o 823 LAW 1980  |p 1465600  |r 2019-11-20  |w 2019-11-20  |y BK  |k LIT 
952 |0 0  |1 0  |4 0  |6 823_000000000000000_LAW_1980  |7 0  |8 A  |9 311642  |a BIBEDU  |b BIBEDU  |d 2019-11-20  |i 1465619  |o 823 LAW 1980  |p 1465619  |r 2019-11-20  |w 2019-11-20  |y BK  |k LIT 
952 |0 0  |1 0  |4 0  |6 823_000000000000000_LAW_1980  |7 0  |8 A  |9 311643  |a BIBEDU  |b BIBEDU  |d 2019-11-20  |i 1465627  |o 823 LAW 1980  |p 1465627  |r 2019-11-20  |w 2019-11-20  |y BK  |k LIT